[Event "2nd Dute Cup Longgang Masters"]
[Site "Longgang"]
[Date "2018.11.04"]
[Round "1"]
[White "Giri, Anish"]
[Black "Ding, Liren"]
[Result "1/2-1/2"]
[WhiteElo "2780"]
[BlackElo "2816"]
[Annotator "TA"]
[PlyCount "77"]
[EventDate "2018.11.04"]
[EventType "swiss"]
[EventCountry "CHN"]
[SourceTitle "playchess.com"]
[Source "ChessBase"]
[SourceQuality "1"]

{[%evp 27,77,0,0,10,17,0,0,0,0,0,13,11,16,0,16,16,21,9,14,26,14,4,28,41,40,38,80,87,69,12,19,19,19,0,8,0,0,0,0,0,90,0,0,0,0,0,0,0,0,0,0,0]} 1. e4 e5 2. Nf3 Nc6 3. Bb5 a6 4. Ba4 Nf6 5. O-O Be7 6. d3 b5 7. Bb3 d6 8. a3 {[%cal Ba2a3,Ba3a4][%mdl 32]} O-O 9. Nc3 Bg4 10. Be3 Nd4 {C84: Spanische Partie (Mittelgambit)} 11. Bxd4 exd4 12. Nd5 c5 13. a4 Be6 14. Nxf6+ Bxf6 {LiveBook: 7 Partien} 15. Bxe6 fxe6 {[#]} 16. g3 $146 ({Vorgänger:} 16. Re1 Qc7 17. e5 dxe5 18. Nd2 {½-½ (35) Anand,V (2760)-Ding,L (2791) Stavanger 2018}) 16... Qd7 17. axb5 axb5 18. Kg2 Qc6 19. Qe2 c4 20. h4 c3 {zielt auf ...Txa1 ab.} 21. b3 e5 22. Ng1 b4 23. Rxa8 Rxa8 24. f4 exf4 25. gxf4 Bxh4 26. Qg4 d5 {[#]} 27. e5 $1 Qg6 28. Qxg6 (28. Kh3 $14 Be7 29. Nf3) 28... hxg6 $14 {[%mdl 4096] Endspiel KTL-KTS} 29. Nf3 Be7 30. Kg3 Kf7 31. Kg4 Ra2 32. Rf2 Ra1 33. Re2 Rf1 {[#]} (33... Bc5 $11) 34. Rh2 (34. Re1 $1 $16 {[%cal Re1f1]} Rxe1 35. Nxe1) 34... Rc1 $11 {Die Stellung ist ausgeglichen.} 35. Rg2 Bc5 36. Ng5+ Ke7 37. Nf3 Kf7 38. Ng5+ Ke7 39. Nf3 {Precision: Weiß = 60%, Schwarz = 39%.} 1/2-1/2

[Event "2nd Dute Cup Longgang Masters"]
[Site "Longgang"]
[Date "2018.11.04"]
[Round "1"]
[White "Yu, Yangyi"]
[Black "Wojtaszek, Radoslaw"]
[Result "1/2-1/2"]
[WhiteElo "2764"]
[BlackElo "2749"]
[Annotator "TA"]
[PlyCount "71"]
[EventDate "2018.11.04"]
[EventType "swiss"]
[EventCountry "CHN"]
[SourceTitle "playchess.com"]
[Source "ChessBase"]
[SourceQuality "1"]

{[%evp 14,71,-39,-50,35,38,59,45,59,59,80,65,84,68,75,59,59,59,68,59,62,21,24,33,27,-38,-37,-38,-36,-37,-42,-35,-28,-41,-41,-50,-46,-32,0,0,0,0,0,0,0,0,0,0,0,0,0,0,0,0,0,0,0,0,0,0]} 1. d4 Nf6 2. c4 e6 3. Nc3 Bb4 4. a3 Bxc3+ 5. bxc3 c5 6. f3 Nc6 7. e4 d6 8. Ne2 {LiveBook: 8 Games. E24: Nimzo-Indian: Sämisch: Unusual Black 5th moves and 5...c5 sidelines} (8. Bd3 cxd4 9. Bb2 dxc3 10. Bxc3 O-O 11. Ne2 Nd7 12. f4 b6 13. Ng3 Qe7 14. O-O Nc5 15. Rf3 f6 {0-1 (34) Volkov,S (2580)-Inarkiev,E (2684) Yaroslavl 2018}) 8... e5 (8... O-O $15) 9. d5 $14 Ne7 10. h4 {White is slightly better.} h5 11. Ng3 $146 ({Predecessor:} 11. a4 Bd7 12. Ng3 Qa5 13. Qc2 O-O-O 14. Bd3 Rde8 15. Nf1 g6 {0-1 (49) Gutman,L (2480)-Hjartarson,J (2415) Grindavik 1984}) 11... Bd7 12. Bd2 Qc7 13. a4 {[%cal Ba3a4,Ba4a5][%mdl 32]} O-O-O 14. a5 Rdf8 15. Bd3 Kb8 16. Bc2 Nfg8 17. O-O Ng6 18. Nf5 N8e7 19. f4 ({Worse is} 19. Nxg7 Rfg8 $17) (19. Nxe7 $11 Nxe7 20. Qb1) 19... exf4 $15 20. Nxe7 Nxe7 21. Bxf4 f6 22. Bg3 Ng6 23. Ba4 Re8 24. Bxd7 Qxd7 25. Qa4 Kc8 26. Qxd7+ {The position is equal.} Kxd7 27. Rab1 Kc7 28. Rb5 $1 {[#] aiming for Rfb1.} Ne5 {...a6 is the strong threat.} 29. Rfb1 Rb8 30. Bxe5 $1 fxe5 $11 {[%mdl 4096] Endgame KRR-KRR} 31. Rf1 {Hoping for Rf7+.} Rhf8 {Threatening ...Rxf1+.} 32. Rb2 Rxf1+ 33. Kxf1 Rf8+ 34. Rf2 Rxf2+ 35. Kxf2 b6 36. Ke2 {Precision: White = 58%, Black = 69%.} 1/2-1/2

[Event "2nd Dute Cup Longgang Masters"]
[Site "Longgang"]
[Date "2018.11.04"]
[Round "1"]
[White "Vitiugov, Nikita"]
[Black "Vachier-Lagrave, Maxime"]
[Result "1/2-1/2"]
[WhiteElo "2709"]
[BlackElo "2778"]
[Annotator "TA"]
[PlyCount "60"]
[EventDate "2018.11.04"]
[EventType "swiss"]
[EventCountry "CHN"]
[SourceTitle "playchess.com"]
[Source "ChessBase"]
[SourceQuality "1"]

{[%evp 31,60,0,0,0,0,0,0,0,21,0,0,0,0,0,0,0,0,0,0,0,0,0,0,0,0,0,0,0,0,0,0]} 1. d4 Nf6 2. c4 g6 3. Nc3 d5 4. Nf3 Bg7 5. Bf4 O-O 6. Rc1 Be6 7. e3 dxc4 8. Ng5 Bd5 9. e4 h6 10. exd5 hxg5 11. Bxg5 Nxd5 12. Bxc4 Nb6 13. Bb3 Nc6 14. d5 {D92: Grünfeld: 4 Nf3 Bg7 5 Bf4} Nd4 15. O-O Qd7 16. h4 (16. Re1 Rfe8 17. h4 Rad8 18. a4 Nxb3 19. Qxb3 Nxd5 20. Nxd5 Qxd5 21. Qxd5 Rxd5 22. Rxc7 {½-½ (59) Xiong,J (2665)-Bok,B (2636) Saint Louis 2018}) 16... Rfe8 {LiveBook: 4 Games. The position is equal.} 17. a3 Nxb3 18. Qxb3 Rad8 (18... Bxc3 {with more complications.} 19. Rxc3 Qxd5 20. Qc2 c6 21. Re1 Qf5) 19. Rfe1 Nxd5 (19... Qf5 {feels hotter.} 20. Rxe7 Rxe7 21. Bxe7 Rd7 22. Bg5 Bd4) 20. Nxd5 (20. Qxb7 {keeps more tension.} Nxc3 21. bxc3 c6 22. Qxd7 Rxd7 23. Re4) 20... Qxd5 21. Qxd5 Rxd5 22. Rxc7 Bxb2 23. Rxb7 Bxa3 24. Rxa7 Bb4 $146 25. Re2 {[%cal Rg5e7]} Rd1+ 26. Kh2 {[%cal Rg5e7]} Re1 27. Rxe1 Bxe1 28. Rxe7 Rxe7 29. Bxe7 Bxf2 30. Bf6 Kh7 1/2-1/2

[Event "2nd Dute Cup Longgang Masters"]
[Site "Longgang"]
[Date "2018.11.05"]
[Round "2"]
[White "Ding, Liren"]
[Black "Vachier-Lagrave, Maxime"]
[Result "1/2-1/2"]
[WhiteElo "2816"]
[BlackElo "2778"]
[Annotator "TA"]
[PlyCount "121"]
[EventDate "2018.11.04"]
[EventType "swiss"]
[EventCountry "CHN"]
[SourceTitle "playchess.com"]
[Source "ChessBase"]
[SourceQuality "1"]

{[%evp 12,121,23,20,19,24,6,-10,25,16,31,26,33,43,16,20,26,16,12,13,33,41,70,70,66,60,70,70,70,68,68,72,81,33,81,81,81,81,81,81,81,81,81,81,81,55,81,62,81,81,81,81,81,81,81,81,81,81,81,81,81,81,81,81,81,81,81,81,83,48,48,48,48,22,41,41,41,41,41,31,41,41,41,31,41,41,41,31,31,9,31,30,30,30,30,30,30,30,30,30,30,30,30,30,30,30,30,30,30,30,30,0]} 1. c4 c5 2. g3 g6 3. Bg2 Bg7 4. Nc3 Nc6 5. Rb1 Nf6 6. a3 e6 {A36: Symmetrical English vs ...g6: 4 Bg2 Bg7} (6... b6 7. b4 cxb4 8. axb4 Bb7 9. Nh3 Na5 10. Bxb7 Nxb7 11. Nf4 O-O 12. O-O Ng4 13. Qb3 Nd6 14. d3 {1-0 (66) Ivanchuk,V (2731)-Nepomniachtchi,I (2721) Beijing 2013}) 7. b4 {LiveBook: 7 Games} d5 8. bxc5 O-O 9. Nf3 $146 ({Predecessor:} 9. cxd5 exd5 10. Nf3 Ne4 11. Na4 Qa5 12. O-O Nxc5 13. Nxc5 Qxc5 14. d4 {0-1 (27) Radosavljevic,S (2267)-Gunnarsson,J (2430) Obrenovac 2008}) 9... Ne4 10. Bb2 Nxc3 11. Bxc3 Bxc3 12. dxc3 Qa5 13. cxd5 exd5 14. O-O Qxc5 15. a4 Rd8 16. Qd2 d4 17. cxd4 Nxd4 18. Nxd4 Qxd4 19. Qxd4 Rxd4 20. Bxb7 Bxb7 21. Rxb7 Rxa4 $14 {[%mdl 4096] Endgame KRR-KRR} 22. Rc1 Ra6 23. Rcc7 Rf6 24. Rxa7 Rxa7 25. Rxa7 $16 {KR-KR} h5 26. Kg2 Re6 27. e3 Re5 28. h3 Kg7 29. Ra3 Rb5 30. h4 Rb4 31. Kf3 Rb5 32. Ra4 Rf5+ 33. Ke2 Rb5 34. Rd4 Rb2+ 35. Kf3 Rb3 36. Kf4 Rb2 37. f3 Rb6 38. e4 Rb3 39. Rd5 Ra3 40. g4 hxg4 41. Kxg4 Ra1 42. h5 gxh5+ 43. Rxh5 f6 44. Rd5 Kg6 45. Rd6 {[#] And now e5 would win.} Ra4 46. Kf4 Rb4 47. Ke3 Rb3+ 48. Rd3 Rb1 49. f4 {[%cal Bf3f4,Bf4f5][%mdl 32]} Re1+ 50. Kd4 Rf1 51. f5+ Kf7 {White has an edge.} 52. Ra3 Rd1+ 53. Ke3 Re1+ 54. Kf3 Rf1+ 55. Ke2 Rb1 56. Ra7+ Kf8 57. Kd3 Rd1+ 58. Kc4 Rd2 59. Kc5 Rd1 60. Rb7 Ke8 61. Ra7 {Precision: White = 62%, Black = 80%.} 1/2-1/2

[Event "2nd Dute Cup Longgang Masters"]
[Site "Longgang"]
[Date "2018.11.05"]
[Round "2"]
[White "Giri, Anish"]
[Black "Yu, Yangyi"]
[Result "1/2-1/2"]
[WhiteElo "2780"]
[BlackElo "2764"]
[Annotator "TA"]
[PlyCount "65"]
[EventDate "2018.11.04"]
[EventType "swiss"]
[EventCountry "CHN"]
[SourceTitle "playchess.com"]
[Source "ChessBase"]
[SourceQuality "1"]

{[%evp 15,65,39,26,20,31,30,26,26,29,33,37,25,25,20,27,25,38,20,28,31,26,4,10,1,15,8,16,13,21,19,22,0,0,0,0,0,35,22,16,0,18,0,0,-6,-6,-6,-6,-4,-4,-2,-6,-7]} 1. e4 e5 2. Nf3 Nf6 3. Nxe5 d6 4. Nf3 Nxe4 5. Nc3 Nf6 6. d4 Be7 7. Bd3 O-O 8. O-O {C42: Petroff Defence: 3 Nxe5 and unusual White 3rd moves} Nc6 {LiveBook: 5 Games} 9. Re1 (9. d5 Ne5 10. Nxe5 dxe5 11. Re1 Nd7 12. Ne4 Nf6 13. Nxf6+ Bxf6 14. Qf3 Re8 15. c4 b6 {0-1 (41) Wei,Y (2729)-Yu,Y (2762) Danzhou 2018}) 9... Nb4 10. Bc4 {[%cal Bd3c4,Bc4b3,Bb3c2][%mdl 32] White is slightly better.} d5 11. Bb3 c6 $146 ({Predecessor:} 11... Re8 12. Bg5 c6 13. a3 {0-1 (56) Cosentino,A (1952)-Hubal,M ICCF email 2014}) 12. Ne2 Ne4 13. c3 Na6 14. Ng3 Nd6 15. Bc2 Nc7 16. Ne5 g6 17. Bh6 Re8 $1 18. Re3 Bg5 19. Bxg5 Qxg5 20. Bd3 f6 21. Nf3 Qh6 22. Rxe8+ Ncxe8 23. Qe2 Qf8 24. h4 {[%cal Bh2h4,Bh4h5][%mdl 32]} Ng7 25. h5 g5 26. Qc2 h6 {The position is equal.} 27. Re1 Be6 {[%cal Bc8e6,Be6f7,Bf7h5][%mdl 32]} 28. Bh7+ Kh8 29. Qg6 Bf7 $1 {[%cal Rf7g6]} 30. Qxh6 {[#] Bg6+ would kill now.} ({Don't go for} 30. Qxf6 $2 Kxh7 31. b3 (31. Re7 $2 Re8 $19) 31... Re8 $19) 30... Nxh5 $1 31. Qxf8+ Rxf8 32. Nxh5 Bxh5 33. Bd3 {Precision: White = 61%, Black = 72%.} 1/2-1/2

[Event "2nd Dute Cup Longgang Masters"]
[Site "Longgang"]
[Date "2018.11.05"]
[Round "2"]
[White "Wojtaszek, Radoslaw"]
[Black "Vitiugov, Nikita"]
[Result "1/2-1/2"]
[WhiteElo "2749"]
[BlackElo "2709"]
[Annotator "TA"]
[PlyCount "89"]
[EventDate "2018.11.04"]
[EventType "swiss"]
[EventCountry "CHN"]
[SourceTitle "playchess.com"]
[Source "ChessBase"]
[SourceQuality "1"]

{[%evp 22,89,9,11,7,7,8,8,8,10,8,10,11,8,10,0,0,0,0,0,0,0,0,0,0,-6,0,0,0,0,0,0,0,0,0,0,0,0,0,0,0,0,1,1,1,1,2,0,0,0,2,0,2,2,2,2,2,0,1,1,8,2,2,2,2,0,0,0,0,0]} 1. d4 d5 2. c4 c6 3. Nf3 Nf6 4. Nc3 e6 5. Bg5 h6 6. Bxf6 Qxf6 7. e3 g6 8. Be2 {D43: Semi-Slav: 5 Bg5 h6} (8. Bd3 Bg7 9. O-O O-O 10. Rc1 Nd7 11. cxd5 exd5 12. b4 Qd6 13. Qb3 Nb6 14. b5 Be6 15. bxc6 bxc6 16. Nd2 Rfc8 17. Ba6 Rcb8 18. Qc2 Nd7 {½-½ (63) Berkes,F (2678)-Perunovic,M (2593) Valjevo 2018}) 8... Bg7 9. O-O O-O 10. Rc1 Nd7 11. cxd5 exd5 12. b4 {LiveBook: 4 Games. The position is equal.} a6 13. a4 Qd6 14. b5 $146 ({Predecessor:} 14. Qb3 Nb6 15. a5 Nd7 16. Na4 Re8 17. Bd3 Rb8 18. Rfe1 Nf8 19. Qc3 Ne6 20. Ne5 Nc7 {½-½ (20) Voloshin,L (2424)-Krejci,J (2504) Ceske Budejovice 2016}) 14... axb5 15. axb5 Nb6 16. Qb3 {Threatening bxc6.} Rb8 17. bxc6 bxc6 18. Na4 Nxa4 19. Qxa4 Bd7 20. Ne1 {[%cal Bf3e1,Be1d3,Bd3c5][%mdl 32]} Ra8 21. Qc2 Ra3 22. Nd3 Rfa8 23. Nc5 Ra2 24. Qd1 Be8 25. Rc2 Bf8 26. Qd2 Rxc2 27. Qxc2 Qc7 28. g3 Qa7 29. Rc1 Bxc5 30. Qxc5 Qxc5 31. Rxc5 $11 {[%mdl 4096] Endgame KRB-KRB} Kf8 32. g4 Bd7 33. Kg2 Ke7 34. h4 Ra1 35. Rc2 Ra5 36. Kg3 Ra1 37. Rb2 Rg1+ 38. Kh2 Ra1 39. Bf3 Ra8 40. Kg3 Kd6 41. Rb1 Be6 42. Rb7 g5 43. Rb1 Rc8 44. Rc1 c5 45. dxc5+ {Precision: White = 73%, Black = 96%.} 1/2-1/2

[Event "2nd Dute Cup Longgang Masters"]
[Site "Longgang"]
[Date "2018.11.06"]
[Round "3"]
[White "Vachier-Lagrave, Maxime"]
[Black "Wojtaszek, Radoslaw"]
[Result "1/2-1/2"]
[WhiteElo "2778"]
[BlackElo "2749"]
[Annotator "TA"]
[PlyCount "146"]
[EventDate "2018.11.04"]
[EventType "swiss"]
[EventCountry "CHN"]
[SourceTitle "playchess.com"]
[Source "ChessBase"]
[SourceQuality "1"]

{[%evp 24,146,8,6,8,8,8,8,11,0,14,14,26,26,26,16,26,21,22,22,25,29,30,24,26,26,32,28,22,10,37,12,36,36,47,36,38,36,41,18,18,17,16,16,26,19,21,26,21,20,22,26,31,37,33,24,27,15,27,15,15,8,10,8,22,22,22,26,71,71,72,72,72,72,84,72,72,72,72,72,72,72,72,72,73,73,73,73,73,73,73,73,73,73,73,73,73,73,73,72,72,72,72,72,72,72,79,72,72,72,72,72,72,71,71,0,0,0,0,0,0,0,0,0,0]} 1. e4 c5 2. Nf3 d6 3. d4 cxd4 4. Nxd4 Nf6 5. Nc3 a6 6. g3 e5 7. Nde2 Be7 8. Bg2 O-O 9. O-O b5 10. Nd5 {B91: Sizilianisch (Najdorf-Variante mit 6.g3)} Nbd7 11. Nec3 Nb6 12. Nxf6+ Bxf6 13. b3 {[#] LiveBook: 3 Partien} Be6 $146 ({Vorgänger:} 13... b4 14. Nd5 Nxd5 15. Qxd5 Be6 16. Qd3 Qc7 {0-1 (57) Giri,A (2782)-Vachier Lagrave,M (2789) Leuven 2018}) 14. Ba3 Qc7 15. Qd3 Rfc8 16. Bb4 a5 17. Nxb5 Qxc2 18. Qxc2 Rxc2 19. Bxd6 Nc8 20. Rfc1 Rxc1+ 21. Rxc1 Nxd6 22. Nxd6 a4 23. Nc4 Rb8 24. Rc3 axb3 25. axb3 Be7 26. Bf1 g6 27. Rc1 Rxb3 28. Nxe5 Bf6 29. Nd3 Bd4 30. Be2 Rc3 31. Rb1 g5 32. Ne1 h6 33. Kg2 Rb3 34. Rd1 Bb6 35. Nd3 Ra3 36. Rb1 Ba7 37. Nb4 Rb3 38. Rxb3 Bxb3 $14 {[%mdl 4096] Endspiel KLL-KLS} 39. Bg4 Kg7 40. h4 Bd4 41. Nc6 Bc5 42. Bf5 Kf6 43. f4 Be3 44. fxg5+ hxg5 45. h5 {[#] h6 ist eine echte Drohung.} Kg7 46. g4 Bc4 47. Kf3 Bc1 48. Ne5 Bb5 49. Kf2 Bf4 50. Nf3 Bd3 51. Ke1 Be3 52. Kd1 Bf4 53. Ne1 Bb1 54. Ke2 Kh6 55. Nf3 Kg7 56. Nd4 Be5 57. Nc6 Bf4 58. Nb4 Kh6 59. Nd5 Bc2 60. Nc3 Kg7 61. Nb5 Bc1 62. Nd4 Bb1 63. Kf3 Bd3 64. Bd7 Ba6 65. Nf5+ Kf8 66. Bc6 Bf4 67. Bd5 {Und Sh6 würde nun gewinnen.} Bc8 68. Nd4 Kg7 69. h6+ ({Besser ist} 69. Bc4 $16) 69... Kxh6 $11 {Die Stellung ist ausgeglichen.} 70. Bxf7 Kg7 71. Be6 Ba6 72. Bd5 {[#] Und weiter mit Se6+ wäre nett.} Kf6 73. Ne6 Bd6 {Precision: Weiß = 68%, Schwarz = 61%.} 1/2-1/2

[Event "2nd Dute Cup Longgang Masters"]
[Site "Longgang"]
[Date "2018.11.06"]
[Round "3"]
[White "Yu, Yangyi"]
[Black "Ding, Liren"]
[Result "1/2-1/2"]
[WhiteElo "2764"]
[BlackElo "2816"]
[Annotator "TA"]
[PlyCount "87"]
[EventDate "2018.11.04"]
[EventType "swiss"]
[EventCountry "CHN"]
[SourceTitle "playchess.com"]
[Source "ChessBase"]
[SourceQuality "1"]

{[%evp 25,87,12,16,15,16,15,8,14,35,27,49,42,39,36,25,41,27,17,28,0,0,0,0,0,17,0,0,0,0,0,0,0,0,0,0,0,0,0,0,0,17,17,26,31,23,25,24,0,8,12,21,18,13,0,66,73,77,70,62,37,125,125,125,134]} 1. e4 e5 2. Nf3 Nc6 3. Bb5 {[%cal Bf1b5,Bb5a4,Ba4b3][%mdl 32]} a6 4. Ba4 Nf6 5. O-O Be7 6. d3 b5 7. Bb3 d6 8. a3 O-O 9. Nc3 Na5 {C77: Ruy Lopez: 3...a6 4 Ba4 Nf6, unusual lines} 10. Ba2 Be6 11. Bxe6 (11. b4 Bxa2 12. Nxa2 Nc6 13. c4 Nd4 14. Nc3 Nxf3+ 15. Qxf3 c6 16. Bd2 Qc8 17. Rfb1 {1-0 (41) Nepomniachtchi,I (2768)-Wojtaszek,R (2727) Batumi 2018}) 11... fxe6 12. b4 Nc6 13. Bd2 d5 {LiveBook: 9 Games} 14. Re1 Qd6 15. Qe2 Nd7 16. Na2 {[%cal Bc3a2,Ba2c1,Bc1b3][%mdl 32]} Nb6 17. Nc1 {[#]} Rf7 $146 18. Nb3 Raf8 19. Rf1 Qd7 20. Rae1 Bd6 21. c3 h6 22. Be3 Na4 23. Rc1 Rxf3 24. gxf3 Qf7 25. Kh1 Qh5 {[#] Strongly threatening ...Nd4!} 26. Rg1 d4 $1 {[%cal Rd4e3]} 27. Bd2 dxc3 28. Bxc3 Nd4 29. Qd1 Rf4 30. Rg2 Nxc3 31. Rxc3 Rh4 32. Nd2 Rh3 33. Nf1 Qxf3 34. Qxf3 Rxf3 35. Nd2 $36 {[%mdl 2048] White has some pressure.} Rf4 36. Nb3 Kf7 37. Nc5 Ne2 38. Rc2 Nd4 39. Rc1 Bxc5 (39... Rf3 $11) 40. Rxc5 $14 c6 41. Rxe5 g5 42. Rc5 Kf6 ({Better is} 42... Rf3 $14) 43. Kg1 $16 h5 44. h3 {Precision: White = 84%, Black = 66%.} 1/2-1/2

[Event "2nd Dute Cup Longgang Masters"]
[Site "Longgang"]
[Date "2018.11.07"]
[Round "4"]
[White "Wojtaszek, Radoslaw"]
[Black "Giri, Anish"]
[Result "1/2-1/2"]
[WhiteElo "2749"]
[BlackElo "2780"]
[Annotator "TA"]
[PlyCount "60"]
[EventDate "2018.11.04"]
[EventType "swiss"]
[EventCountry "CHN"]
[SourceTitle "playchess.com"]
[Source "ChessBase"]
[SourceQuality "1"]

{[%evp 18,60,14,11,15,6,6,14,14,14,16,18,6,6,16,1,16,0,0,0,0,0,0,0,0,0,0,0,0,0,0,-8,0,0,0,0,0,0,0,0,0,0,0,0,0]} 1. d4 Nf6 2. c4 e6 3. Nf3 d5 4. g3 Be7 5. Bg2 O-O 6. O-O dxc4 7. Qc2 a6 8. a4 Bd7 9. Qxc4 Bc6 10. Bg5 {The position is equal.} Nbd7 {E05: Open Catalan: 5 Nf3 Be7} 11. Nbd2 Rc8 $146 ({Predecessor:} 11... a5 12. Rfd1 h6 13. Bxf6 Nxf6 14. Ne5 Bxg2 15. Kxg2 Qd5+ 16. f3 c5 17. e4 Qxd4 18. Qxd4 cxd4 {½-½ (36) Aronian,L (2792)-Kramnik,V (2812) Leuven 2016}) 12. Qc2 h6 13. Bxf6 Nxf6 14. Rfd1 Bb4 15. Rac1 Qd6 16. Nc4 Qe7 17. Nfe5 Bxg2 $1 18. Kxg2 c5 19. dxc5 Bxc5 20. Qb3 Rc7 21. Nd3 Rfc8 22. Nce5 Bd4 {[#] Hoping for ...Rxc1.} 23. Rxc7 Rxc7 24. e3 (24. Nf3 {seems wilder.} Ba7 25. Rd2 Ne4 26. Rc2 Nc5 27. Nxc5 Bxc5 28. Rc4) 24... Bxe5 25. Nxe5 Nd7 (25... g5 {looks sharper.} 26. Qd3 Kg7 27. Qd4 Rc2 28. b4 b5) 26. Nxd7 Rxd7 27. Rxd7 Qxd7 28. Qb4 Qc6+ 29. Kg1 Qc1+ 30. Kg2 Qc6+ {Precision: White = 84%, Black = 95%.} 1/2-1/2

[Event "2nd Dute Cup Longgang Masters"]
[Site "Longgang"]
[Date "2018.11.07"]
[Round "4"]
[White "Vitiugov, Nikita"]
[Black "Ding, Liren"]
[Result "1/2-1/2"]
[WhiteElo "2709"]
[BlackElo "2816"]
[Annotator "TA"]
[PlyCount "96"]
[EventDate "2018.11.04"]
[EventType "swiss"]
[EventCountry "CHN"]
[SourceTitle "playchess.com"]
[Source "ChessBase"]
[SourceQuality "1"]

{[%evp 20,96,4,8,11,-10,-8,0,-8,-28,-26,-42,-55,-45,-52,-45,-50,-37,-37,-45,-47,-47,-48,-47,-42,-55,-34,-29,-39,-60,-49,-50,-41,-48,-42,-45,-47,-45,-31,-56,-70,-60,-68,-68,-64,-87,-24,-25,-25,-28,-24,-25,-20,-15,-15,-20,0,0,0,-79,-79,-81,-74,-72,-48,-60,0,-6,0,-54,0,0,0,0,0,0,0,0,0]} 1. d4 Nf6 2. c4 g6 3. g3 c6 4. Bg2 d5 5. Nd2 Bg7 6. Ngf3 O-O 7. O-O a5 8. b3 a4 {D78: Fianchetto Grünfeld: 6 0-0 c6} (8... Ne4 9. Bb2 Bf5 10. Nh4 Nxd2 11. Qxd2 Be6 12. Rfc1 a4 13. Qb4 axb3 14. axb3 Rxa1 15. Rxa1 dxc4 16. bxc4 Bxd4 17. Qxb7 Bxc4 18. Nf3 Bxb2 19. Qxb2 Bd5 {½-½ (29) Artemiev,V (2706)-Dubov,D (2703) Sochi 2018}) 9. Ba3 Re8 10. e3 Bf5 11. Qe2 {LiveBook: 9 Games} Nbd7 12. cxd5 Nxd5 13. Nh4 Be6 14. Ne4 $146 ({Predecessor:} 14. Qd3 Qb6 15. Rfc1 Nc7 16. Nc4 {½-½ (35) Loginov,A (2418)-Tasic,V (2424) ICCF email 2012}) 14... Nc7 15. Nc5 Nxc5 16. Bxc5 axb3 17. axb3 Bxb3 18. Qb2 Bc4 19. Rxa8 Qxa8 20. Rb1 Ba6 21. Nf3 Qc8 22. Ne5 Ne6 23. Bb6 Nf8 24. Rc1 Qf5 25. h4 Nd7 {[%cal Rd7e5]} 26. Nxd7 Qxd7 27. Qa3 Bb5 28. d5 h5 29. dxc6 Bxc6 30. Bxc6 bxc6 31. Qa4 Rc8 $1 32. Bd4 e5 (32... Bxd4 $17 33. Qxd4 Qxd4 34. exd4 Kg7) 33. Bc5 $11 Qd2 34. Rd1 Qe2 35. Rc1 Qf3 36. Bd6 Qg4 37. Qa6 Qe6 38. Qb7 e4 39. Ba3 {[#]} (39. Kg2 $11 {keeps the balance.}) 39... Be5 $1 $17 40. Kg2 Qg4 41. Qe7 Qf5 {...Qf3+ is the strong threat.} 42. Kg1 Kh7 (42... Rc7 $1 $15 43. Qc5 Qf6) 43. Bd6 $132 {[%mdl 2048] White is not keeping still} ({Don't play} 43. Rc5 Rb8 $17) 43... Bg7 44. Rc5 (44. Qa7 $1 $11) 44... Qf3 (44... Qf6 $1 $15) 45. Bf4 {The position is equal.} Qd1+ 46. Kg2 $1 Qf3+ 47. Kg1 Qd1+ (47... Ra8 $5 48. Rc1 $8 Kg8 $15) 48. Kg2 $1 Qf3+ {Precision: White = 77%, Black = 62%.} 1/2-1/2

[Event "2nd Dute Cup Longgang Masters"]
[Site "Longgang"]
[Date "2018.11.08"]
[Round "5"]
[White "Ding, Liren"]
[Black "Wojtaszek, Radoslaw"]
[Result "1-0"]
[WhiteElo "2816"]
[BlackElo "2749"]
[Annotator "TA"]
[PlyCount "128"]
[EventDate "2018.11.04"]
[EventType "swiss"]
[EventCountry "CHN"]
[SourceTitle "playchess.com"]
[Source "ChessBase"]
[SourceQuality "1"]

{[%evp 23,128,22,26,30,32,40,32,20,29,0,12,16,12,23,81,22,39,47,27,34,50,52,43,43,52,48,91,89,93,90,97,97,90,90,90,90,90,90,101,100,95,93,118,124,116,125,152,148,181,150,148,144,137,131,141,129,147,149,154,158,144,110,129,110,116,110,110,95,110,110,110,110,110,110,111,111,109,24,24,31,27,31,289,300,285,237,300,295,296,299,220,196,357,357,781,1129,1044,985,1050,1044,848,803,831,763,1559,1456,1018]} 1. Nf3 d5 2. g3 c5 3. Bg2 Nc6 4. d4 Nf6 5. O-O e6 6. c4 dxc4 7. Qa4 Bd7 8. Qxc4 cxd4 9. Nxd4 Rc8 10. Nc3 Nxd4 11. Qxd4 Bc5 12. Qh4 h6 {LiveBook: 5 Games. E04: Open Catalan: 5 Nf3} 13. Bxb7 Rb8 $1 {[%cal Rb8b7]} 14. Ne4 (14. Bf3 Rb4 15. Qh3 e5 16. Qg2 Qc8 17. a3 Rb6 18. Nd5 Nxd5 19. Bxd5 O-O 20. Qe4 Bd4 21. e3 Bf5 22. Qf3 Bg4 23. Qe4 Bf5 24. Qf3 Bg4 25. Qe4 Bf5 26. Qf3 {½-½ (26) Sargissian,G (2691)-Harikrishna,P (2743) Batumi 2018}) 14... Be7 {White is slightly better.} 15. Ba6 O-O $146 ({Predecessor:} 15... Bc6 16. Nxf6+ Bxf6 17. Qc4 Qd5 18. Qxd5 Bxd5 19. a4 O-O 20. Bb5 {½-½ (53) Cousins,R (2218)-Sanchez Rodenas,J (2336) ICCF email 2015}) 16. Rd1 Nd5 17. Qh5 Bc6 18. Bc4 Qc8 (18... Qb6 $11) 19. b3 (19. Bxh6 $16 gxh6 20. Qxh6) 19... f5 $11 20. Nd2 $1 Bf6 21. Ba3 Qe8 22. Qxe8 Rfxe8 23. Bxd5 Bxd5 24. Rac1 a5 25. Nc4 a4 26. bxa4 Rec8 27. Bd6 Rb7 {[#]} 28. Ne3 $1 Rxc1 29. Rxc1 Bxa2 30. a5 Bd4 31. Rc8+ Kh7 32. Nc2 Bd5 {( -> ...Rb1+)} 33. Nb4 Be4 34. Rc4 Ba7 {White should prevent ...Rd7.} 35. Rc7 Kg6 36. Kf1 Kf6 37. f3 Rxc7 38. Bxc7 $16 {[%mdl 4096] Endgame KBB-KBN} Bb7 39. Nd3 Bd4 40. f4 Kf7 41. Bb6 Bf6 42. Kf2 g5 43. Ke3 gxf4+ 44. gxf4 Be7 45. Kd4 Bd6 46. e3 Ke8 47. Bc5 Bc7 48. Bb4 Bb8 49. h4 h5 50. Nf2 ({White should play} 50. Nc5 $16 Ba7 51. Kc4) 50... Kd7 $11 51. Nh3 Kc6 52. Ng5 Ba7+ $2 {[%mdl 8192] [#]} (52... Kb5 $14) 53. Ke5 $1 $18 Bxe3 54. Nxe6 Bc8 55. Ng7 ({Not} 55. Kxf5 Kd5 $14) 55... Bf2 56. Nxf5 Kb5 57. Be7 {Black must now prevent Nd6+.} Kxa5 $2 (57... Kc6 {keeps fighting.} 58. Nd6 Ba6) 58. Kf6 Kb6 $2 (58... Ba6 59. Kg5 Kb6 60. Kxh5 Bd3) 59. Kg6 {White is clearly winning.} Kc6 60. Ng7 Kd5 61. f5 {[%cal Bf4f5,Bf5f6][%mdl 32]} Ke5 62. Bg5 Bc5 63. f6 Ba6 64. Nxh5 Kd5 {Precision: White = 81%, Black = 54%.} 1-0